| 000 | 00382nam a22001577a 4500 | ||
|---|---|---|---|
| 999 |
_c10547 _d10547 |
||
| 003 | OSt | ||
| 008 | 210303b ||||| |||| 00| 0 eng d | ||
| 020 | _a9780195656107 | ||
| 100 | _aAustin, Granville | ||
| 245 | _aWorking a Democratic Constitution | ||
| 250 | _a17th Imp. | ||
| 260 |
_aNew Delhi _bOxford _c2020 |
||
| 300 | _a771 | ||
| 650 | _aPolitical Science | ||
| 942 |
_2ddc _cBK |
||